Michael J. Fox Movies Quiz Stats

 Plays Quiz Updated Jan 1, 2021

Support Sporcle.
Go Orange.
Score 0/31 Timer 08:00
1 Play Today
Year Movie % Correct
1985Back to the Future
99.2%
1989Back to the Future Part II
96.2%
1990Back to the Future Part III
95.6%
1985Teen Wolf
57.9%
1991Doc Hollywood
53.4%
1999Stuart Little
37.8%
1993Homeward Bound: The Incredible Journey
37.3%
1987The Secret of My Succe$s
34.3%
1996Homeward Bound II: Lost in San Francisco
32.9%
2002Stuart Little 2
32.7%
1996The Frighteners
21.2%
1989Casualties of War
20.1%
2001Atlantis: The Lost Empire
19.7%
1995The American President
17.5%
1988Bright Lights, Big City
16.3%
1994Greedy
12.5%
Year Movie % Correct
1993Life with Mikey
12%
1991The Hard Way
11.2%
1996Mars Attacks!
10.8%
1993For Love or Money
9.9%
2014Annie
9.3%
2019See You Yesterday
9.2%
2018A.R.C.H.I.E. 2
9%
2016A.R.C.H.I.E.
8.8%
1987Light of Day
7.5%
1980Midnight Madness
6.5%
1982Class of 1984
5.2%
1995Blue in the Face
3.7%
1995Coldblooded
3.5%
2002Interstate 60: Episodes of the Road
3.5%
1994Where the Rivers Flow North
3%

From the Vault

Weird Sports Match-Up

by MoMosMoProblems

Sports 5m
Welcome to the wide world of Sporcle sports.
Remove Ads.
Support Sporcle.
Get the best of Sporcle when you Go Orange. This ad-free experience offers more features, more stats, and more fun while also helping to support Sporcle. Thank you for becoming a member.

Show Comments

Extras

Top Quizzes Today


Score Distribution

Your Account Isn't Verified!

In order to create a playlist on Sporcle, you need to verify the email address you used during registration. Go to your Sporcle Settings to finish the process.

Report this User

Report this user for behavior that violates our Community Guidelines.

Details: